00662cam a22002172 450000100060000000300080000600500170001400800390003103500190007004000270008904100080011608200180012410000210014224501120016326000370027530000340031250400320034650400200037865000160039865000300041432236BD-RjUL20211209051815.0140424s1967 nyua b 001 0 eng a(BD-RjUL)32325 aDLCcDLCdBD-RjULbeng aeng a150bARI 19671 aArieti, Silvano.14aThe intrapsychic self :bfeeling, cognition, and creativity in health and mental illness /cSilvano Arieti. aNew York :bBasic Books,cc1967. axvi, 487 p. :bill. ;c24 cm. aBibliography: p. [455]-470. aIncludes index. 0aPsychology. 0aPsychology, Pathological.